01818cam a2200337 a 450000100090000000300060000900500170001500800410003201000130007302000150008602000180010102000150011902000180013403500710015204000940022305000220031708200170033910000290035624500770038526000380046230000230050033600260052333700280054933800270057750505420060452001970114665000270134365000410137065000270141165000420143810045765OCoLC20190121172003.0831007s1983 txu 000 0 eng  a83021785 a0849903483 a9780849903489 a0849935296 a9780849935299 a(OCoLC)10045765z(OCoLC)18552739z(OCoLC)22500763z(OCoLC)51491649 aDLCbengcDLCdBAKERdBTCTAdTWEdMU3dYDXCPdOCLCOdOCLCAdOCLCFdCFTdOCLCQdMXLdOCLCQ00aHQ734b.D628 1983 a646.7bD635L1 aDobson, James C.,d1936-10aLove must be tough :bnew hope for families in crisis /cJames C. Dobson aWaco, Tex. :bWord Books,c©1983 a212 pages ;c22 cm atextbtxt2rdacontent aunmediatedbn2rdamedia avolumebnc2rdacarrier0 a1. With love to the victims -- 2. Panic and appeasement -- 3. The tender trap -- 4. Young love, true love -- 5. Opening the cage door -- 6. The tougher questions -- 7. The valley of the shadow -- 8. Three women who tried it -- 9. Questions and answers -- 10. Victims of affairs: A dialogue -- 11. Discussion of the dialogue -- 12. Anatomy of adultery -- 13. Loving toughness in other settings -- 14. Angry women and passive men -- 15. Loving toughness for singles -- 16. Components of a good marriage -- 17. With more love to the victims aThis is written not only for families on the brink of divorce, but also for everyone who seeks a better understanding of human behavior and the complex interrelationships between men and women 0aMarriagevCase studies 0aDysfunctional familiesvCase studies 0aAdulteryvCase studies 0aInterpersonal relationsvCase studies